Oriented core application in texture analysis of J1 formation in Kazan oil-gas condensate field (Tomsk Oblast); IOP Conference Series: Earth and Environmental Science; Vol. 27 : Problems of Geology and Subsurface Development

書誌詳細
Parent link:IOP Conference Series: Earth and Environmental Science
Vol. 27 : Problems of Geology and Subsurface Development.— 2015.— [012005, 4 p.]
共著者: Национальный исследовательский Томский политехнический университет (ТПУ) Институт природных ресурсов (ИПР) Кафедра геологии и разведки полезных ископаемых (ГРПИ), Национальный исследовательский Томский политехнический университет (ТПУ) Институт природных ресурсов (ИПР) Кафедра иностранных языков (ИЯПР)
その他の著者: Krasnoshchekova L. A. Lubov Afanasievna, Cherdansteva D., Yurkova M., Abramova R. N. Raisa Nikolaevna
要約:Title screen
The paper describes the results of the characteristic structure features of oil-bearing rocks via paleomagnetic oriented cores. Volume core model is plotted on the basis of circular panoramic images. In applying scanned panoramic core it is possible to determine the azimuth of terrigenous material transportation and its course and to describe its sedimentation environment in details.
Режим доступа: по договору с организацией-держателем ресурса
言語:英語
出版事項: 2015
シリーズ:Mineralogy, Geochemistry and Petrography
主題:
オンライン・アクセス:http://dx.doi.org/10.1088/1755-1315/27/1/012005
http://earchive.tpu.ru/handle/11683/19952
フォーマット: 電子媒体 図書の章
KOHA link:https://koha.lib.tpu.ru/cgi-bin/koha/opac-detail.pl?biblionumber=645047

MARC

LEADER 00000nla2a2200000 4500
001 645047
005 20240216160616.0
035 |a (RuTPU)RU\TPU\network\10131 
035 |a RU\TPU\network\10123 
090 |a 645047 
100 |a 20151209a2015 k y0engy50 ba 
101 0 |a eng 
105 |a y z 100zy 
135 |a drcn ---uucaa 
181 0 |a i  
182 0 |a b 
200 1 |a Oriented core application in texture analysis of J1 formation in Kazan oil-gas condensate field (Tomsk Oblast)  |f L. A. Krasnoshchekova [et al.] 
203 |a Text  |c electronic 
225 1 |a Mineralogy, Geochemistry and Petrography 
300 |a Title screen 
320 |a [References: 3 tit.] 
330 |a The paper describes the results of the characteristic structure features of oil-bearing rocks via paleomagnetic oriented cores. Volume core model is plotted on the basis of circular panoramic images. In applying scanned panoramic core it is possible to determine the azimuth of terrigenous material transportation and its course and to describe its sedimentation environment in details. 
333 |a Режим доступа: по договору с организацией-держателем ресурса 
461 0 |0 (RuTPU)RU\TPU\network\2499  |t IOP Conference Series: Earth and Environmental Science 
463 0 |0 (RuTPU)RU\TPU\network\10088  |t Vol. 27 : Problems of Geology and Subsurface Development  |o XIX International Scientific Symposium in honor of Academician M. A. Usov, 6–10 April 2015, Tomsk, Russia  |v [012005, 4 p.]  |d 2015 
610 1 |a электронный ресурс 
610 1 |a труды учёных ТПУ 
610 1 |a нефтегазоконденсатные месторождения 
610 1 |a Томская область 
610 1 |a нефтеносные породы 
610 1 |a скважины 
610 1 |a образование 
610 1 |a осадочные 
701 1 |a Krasnoshchekova  |b L. A.  |c geologist  |c Associate Professor of Tomsk Polytechnic University, Candidate of geological and mineralogical sciences  |f 1969-  |g Lubov Afanasievna  |3 (RuTPU)RU\TPU\pers\33268  |9 17013 
701 1 |a Cherdansteva  |b D. 
701 1 |a Yurkova  |b M. 
701 1 |a Abramova  |b R. N.  |c linguist  |c Associate Professor of Tomsk Polytechnic Universit  |f 1950-  |g Raisa Nikolaevna  |3 (RuTPU)RU\TPU\pers\31022 
712 0 2 |a Национальный исследовательский Томский политехнический университет (ТПУ)  |b Институт природных ресурсов (ИПР)  |b Кафедра геологии и разведки полезных ископаемых (ГРПИ)  |3 (RuTPU)RU\TPU\col\18660 
712 0 2 |a Национальный исследовательский Томский политехнический университет (ТПУ)  |b Институт природных ресурсов (ИПР)  |b Кафедра иностранных языков (ИЯПР)  |3 (RuTPU)RU\TPU\col\18662 
801 2 |a RU  |b 63413507  |c 20161121  |g RCR 
856 4 |u http://dx.doi.org/10.1088/1755-1315/27/1/012005 
856 4 |u http://earchive.tpu.ru/handle/11683/19952 
942 |c CF